2020 Australian Open: Countries with Seeded Players - Statistics

General Stats
  • This quiz has been taken 57 times
  • The average score is 24 of 29
Answer Stats
men women total country % Correct
3 2 5 Russia
100%
1 1 2 United Kingdom
100%
2 7 9 United States
100%
1 1 2 Australia
98%
3 3 Canada
98%
3 3 Spain
98%
3 3 France
96%
1 1 2 Germany
96%
1 1 Japan
96%
2 2 Italy
94%
1 1 Poland
93%
2 2 Serbia
93%
2 1 3 Switzerland
91%
2 2 Argentina
89%
5 5 Czechia
89%
1 1 Austria
87%
1 1 China
87%
2 2 Ukraine
85%
1 1 2 Greece
81%
1 1 Belarus
80%
1 2 3 Croatia
80%
1 1 Romania
80%
1 1 Netherlands
78%
1 1 Bulgaria
76%
1 1 2 Belgium
72%
1 1 Latvia
57%
1 1 Estonia
46%
1 1 Kazakhstan
41%
1 1 Georgia
26%
No matching quizzes found
Score Distribution
Percent of People with Each Score
Percentile by Number Answered
Your Score History
You have not taken this quiz